000 00986cam a2200241 4500
005 20150924114011.0
008 150924b mx ||||| |||| 00| 0 spa d
020 _a9682318149
050 0 4 _aBX3712 .A1
_bP47 1992
100 1 _aPérez de Ribas, Andrés,
_d[1576-1655]
245 1 0 _aHistoria de los triumphos de nuestra Santa fee /
_cAndrés Pérez de Ribas ; estudio introductorio, notas y apéndices de Ignacio Guzmán Betancourt.
250 _a1a. ed. facsimilar
260 _aMéxico :
_bSiglo Veintiuno Editores,
_c1992.
300 _ap.v. ;
_c29 cm.
490 _aLos Once Ríos
500 _aNota : Edición facsimilar
504 _aIncluye apéndice, glosario e índice
650 7 _2LEMB
_aJesuitas en México
_xHistoria
_ySiglo XVII
650 7 _2LEMB
_aMisiones jesuitas
_xHistoria
_ySiglo XVII
_zMéxico
650 7 _2LEMB
_aIndios de México
_xMisiones
_ySiglo XVII
700 1 _aGuzmán Betancourt, Ignacio,
_eest. introductorio, notas y apéndices
942 _2lcc
_cLIB
999 _c61542
_d61542